| 000 | 00618nam a22002417a 4500 | ||
|---|---|---|---|
| 001 | 0141 | ||
| 003 | DO-SdBNP | ||
| 005 | 20180302092604.0 | ||
| 007 | 0141 | ||
| 008 | 151005b1980 sp 00| 0 spa d | ||
| 020 | _a8428612226 | ||
| 040 |
_aBPMSU _bspa _cBPMSU |
||
| 092 |
_aXXXX _bXXXX |
||
| 100 | 1 | _aSabatés, Ramón | |
| 245 | 1 | 0 |
_aTom juega con 50 experimentos de óptica / _cRamón Sabatés |
| 260 |
_aBarcelona : _bPomaire, _c[1980]. |
||
| 300 |
_a[12] p. : _bil. _c25 cm. |
||
| 521 | 1 | _aA partir de los 12 años | |
| 910 | _a202 | ||
| 942 |
_2ddc _cBK |
||
| 945 | _ainventariado, 2018 / dg | ||
| 956 | _aYngrid Lockward | ||
| 999 |
_c8830 _d8830 |
||